00479nam a2200157Ia 4500008004100000040001900041041001200060082002500072245007000097260003200167300002100199440002800220504004000248650002300288850001000311131103s9999 xx 000 0 und d aLoreto College aEnglish a850/DANbLCLIB/16086 aDanteb a collection of critical essays cedited by John Freccero aN.J.bPrentice - Hallc1965 a182 p. c 20 cm. aTwentieth Century Views aIncludes bibliographical references aItalian Literature aLCLIB